Datum a čas kvízu
18.5
Celkem bodů
Celkový počet nahraných bodů na tomto kvízu bez doplňovacích otázek.
3.
Pořadí na kvízu
Konečné umístění týmu na tomto kvízu.
Zaznamenané odpovědi
| # | Otázka | Odpověď | Body | Výsledky |
|---|---|---|---|---|
| 1. | Dívali jste se v sobotu během... | 1 | ||
| 2. | Strana Alternativa pro Německo... | 0 | ||
| 3. | Nominacím na Oscary vévodí fil... | 0 | ||
| 4. | Karlovarské minerální vody (KM... | 0 | ||
| 5. | Ligový lídr v přípravě opět in... | 1 | ||
| 6. | Rok 1989 si přirozeně spojujem... | 1 | ||
| 7. | Je samozřejmé, že události v z... | 0 | ||
| 8. | V tomto roce skončil i komunis... | 0 | ||
| 9. | Nejen politikou živ je člověk.... | 1 | ||
| 10. | Lidé narození roku 1989 patří... | 1 |